000 00524nam a22001697a 4500
008 160623b xxu||||| |||| 00| 0 eng d
020 _a0195921283
082 _22000
_aDC 382.6
_bAs1
245 _aAsian exports/
_cedited by Dilip K. Das.
260 _aNew York:
_bOxford University Press,
_cc2000.
300 _axix, 445 pages;
_c23 cm.
500 _aIncludes bibliographical references and index.
650 0 _910382
_aExport
_zAsia
700 _910383
_aDas, Dilip K.
_eEditor
365 _aPhp
_b3,575.00
942 _2ddc
_cDC
999 _c3112
_d3112